| 000 | 00385nam a22001577a 4500 | ||
|---|---|---|---|
| 999 |
_c3676 _d3676 |
||
| 003 | Nust | ||
| 005 | 20170105101222.0 | ||
| 008 | 161123b xxu||||| |||| 00| 0 eng d | ||
| 040 | _cloc | ||
| 082 | _2510 | ||
| 100 | _4Steve Dobbs | ||
| 245 | _aAdvanced level Mathematics statistics 1 | ||
| 260 |
_aNew York _bCambridge university press _c2002. |
||
| 300 | _a180p | ||
| 942 |
_2ddc _cBK |
||